| 000 | 00818cam a22002651 4500 | ||
|---|---|---|---|
| 001 | he 67000652 | ||
| 003 | DLC | ||
| 005 | 20260227111445.0 | ||
| 008 | 830616s1959 is 000 0 heb | ||
| 010 | _ahe 67000652 | ||
| 035 | _a(OCoLC)19164263 | ||
| 040 |
_aDLC _cMH _dDLC |
||
| 042 | _apremarc | ||
| 050 | 0 | 0 |
_aBS1225 _b.D3 1960 |
| 100 | 0 |
_aDavid ben Mordecai, _cof Tal'noye, _d1808-1882. |
|
| 245 | 1 | 0 |
_aMagen Daṿid : _b[derushim ... musarim ... remazim] |
| 260 |
_a[Jerusalem] : _b[Y. Ṭversḳi], _c720 [1959 or 1960] _c(Tel Aviv) |
||
| 300 |
_a232 p. ; _c25 cm. |
||
| 500 | _aPhoto-offset of Zhitomir, 1872 or 1873 ed. | ||
| 630 | 0 | 0 |
_aBible. _pPentateuch _vSermons. |
| 650 | 0 | _aJewish festival-day sermons. | |
| 650 | 0 | _aJewish sermons. | |
| 752 |
_aUkraine _dZhitomir |
||
| 752 |
_aIsrael _dJerusalem |
||
| 999 |
_c32283 _d32283 |
||